000 00871nam a2200265Ia 4500
003 OSt
005 20220930072814.0
006 a|||||r|||| 00| 0
007 ta
008 220926b |||||||| |||| 00| 0 eng d
024 _a25340
037 _cTheses
040 _aCRL
_cCRL
_beng
041 _2eng
_aeng
100 _aGupta Samir
_9530470
110 _aUniversity of Delhi. Faculty of Medical Sciences. Department of Pathology
245 0 _aImmunocytochemical expression of oestrogen regulated proteins in fine needle aspirates of breast cancer
260 _c1998
300 _a124p.
_ap.
_ccm.
650 _aPATHOLOGY
_9174058
700 _a Dr Shyama Jain Supervisor
_9530471
700 _aUniversity of Delhi. Faculty of Medical Sciences. Department of Pathology
942 _cDIS
_2CC
999 _c864338
_d864338